Fakespeare: starcrossed in Romeo and Juliet /

"Are you ready to embark on a journey to Italy, where you'll find yourself right in the middle of a major feud between two rival pizza making families: the Montagues and the Capulets? A swordsman and perfumer will hunt you. There will be disguises, fake pizza, and tomato fights (make sure...

Full description

Bibliographic Details
Main Author: Castle, M. E. (Author)
Other Authors: Jennewein, Daniel (Illustrator)
Format: Book
Language:English
Published: New York : Imprint, a part of Macmillan Children's Publishing Group, 2017.
Edition:First Edition.
Series:Castle, M. E. Fakespeare.
Subjects:

MARC

Tag First Indicator Second Indicator Subfields
LEADER 00000cam a22000008i 4500
001 in00003908607
005 20180214135025.0
008 161216s2017 nyu c 000 1 eng
010 |a  2016035867 
019 |a 987806093  |a 995286203 
020 |a 9781250101624 (hardcover) 
020 |a 125010162X (hardcover) 
020 |a 9781250101600 (pbk.) 
020 |a 1250101603 (pbk.) 
035 |a (OCoLC)ocn953842867 
035 |a (OCoLC)953842867  |z (OCoLC)987806093  |z (OCoLC)995286203 
040 |a DLC  |b eng  |e rda  |c DLC  |d YDXCP  |d BTCTA  |d BDX  |d IMD  |d OCLCF  |d UIU  |d IGA  |d CHILD  |d IOU  |d WYZ  |d WSD  |d BYV  |d TXMIN  |d UtOrBLW 
042 |a lcac  |a pcc 
049 |a TXAM 
050 0 0 |a PZ7.C2687337  |b Fap 2017 
082 0 0 |a [Fic]  |2 23 
084 |a JUV019000  |a JUV001000  |a JUV047000  |2 bisacsh 
100 1 |a Castle, M. E.,  |e author.  |0 http://id.loc.gov/authorities/names/n2011057427 
245 1 0 |a Fakespeare: starcrossed in Romeo and Juliet /  |c M.E. Castle ; illustrated by Daniel Jennewein. 
246 3 0 |a Starcrossed in Romeo and Juliet 
250 |a First Edition. 
263 |a 1705 
264 1 |a New York :  |b Imprint, a part of Macmillan Children's Publishing Group,  |c 2017. 
264 4 |a ©2017 
300 |a 295 pages :  |b illustrations ;  |c 22 cm. 
336 |a text  |b txt  |2 rdacontent 
337 |a unmediated  |b n  |2 rdamedia 
338 |a volume  |b nc  |2 rdacarrier 
490 1 |a Fakespeare 
520 |a "Are you ready to embark on a journey to Italy, where you'll find yourself right in the middle of a major feud between two rival pizza making families: the Montagues and the Capulets? A swordsman and perfumer will hunt you. There will be disguises, fake pizza, and tomato fights (make sure to duck!). You must help Becca, her stepbrother Sam, and her dog Rufus convince Romeo Montague to ask Juliet Capulet on a date, or you will all be stuck in Shakespeare's Romeo and Juliet forever!"--  |c Provided by publisher. 
600 1 0 |a Shakespeare, William,  |d 1564-1616.  |t Romeo and Juliet  |v Juvenile fiction. 
600 1 1 |a Shakespeare, William,  |d 1564-1616.  |t Romeo and Juliet  |v Fiction. 
650 1 |a Characters in literature  |v Fiction. 
650 1 |a Magic  |v Fiction. 
650 1 |a Books and reading  |v Fiction. 
650 1 |a Adventure and adventurers  |v Fiction. 
650 1 |a Humorous stories. 
650 7 |a JUVENILE FICTION / Action & Adventure.  |2 bisacsh 
650 7 |a JUVENILE FICTION / Books & Libraries.  |2 bisacsh 
650 7 |a JUVENILE FICTION / Humorous Stories.  |2 bisacsh 
630 0 7 |a Romeo and Juliet (Shakespeare, William)  |2 fast  |0 (OCoLC)fst01356193 
650 4 |a Adventure and adventurers  |x Fiction. 
650 1 4 |a Characters in literature  |x Fiction. 
650 4 |a Humorous stories. 
650 7 |a Adventure stories.  |2 fast  |0 (OCoLC)fst00797462 
650 7 |a Books and reading.  |2 fast  |0 (OCoLC)fst00836454 
650 7 |a Humorous stories.  |2 fast  |0 (OCoLC)fst00963818 
650 7 |a Magic.  |2 fast  |0 (OCoLC)fst01005468 
655 7 |a Humorous fiction.  |2 gsafd 
655 7 |a Action and adventure fiction.  |2 lcgft  |0 http://id.loc.gov/authorities/genreForms/gf2014026217 
655 7 |a Humorous fiction.  |2 lcgft  |0 http://id.loc.gov/authorities/genreForms/gf2014026377 
655 7 |a Action and adventure fiction.  |2 fast  |0 (OCoLC)fst01921574 
655 7 |a Fiction.  |2 fast  |0 (OCoLC)fst01423787 
655 7 |a Humorous fiction.  |2 fast  |0 (OCoLC)fst01726649 
655 7 |a Juvenile works.  |2 fast  |0 (OCoLC)fst01411637 
700 1 |a Jennewein, Daniel,  |e illustrator.  |0 http://id.loc.gov/authorities/names/n2009020556 
776 0 8 |i Online version:  |a Castle, M. E., author.  |t Fakespeare starcrossed in Romeo and Juliet  |b First Edition.  |d New York : Imprint, a part of Macmillan Children's Publishing Group, 2017  |z 9781250101617  |w (DLC) 2017022907 
800 1 |a Castle, M. E.  |t Fakespeare. 
948 |a cataloged  |b h  |c 20 17/11/1  |d c  |e ceaton  |f 3:14:03 pm 
994 |a C0  |b TXA 
999 f f |s fe91cc04-8135-3eaf-9df8-af3a3a9a6c4c  |i 7038506f-3d02-39dd-a682-7e4a4d3e609c  |t 0 
952 f f |p normal  |a Texas A&M University  |b College Station  |c Sterling C. Evans Library  |d Evans: Curriculum Collection (4th floor)  |t 0  |e PZ7.C2687337 Fap 2017  |h Library of Congress classification  |i unmediated -- volume  |m A14850330326 
998 f f |a PZ7.C2687337 Fap 2017  |t 0  |l Evans: Curriculum Collection (4th floor)